Vereine mit den Top-Zuschauerzahlen in der Bundesliga - Statistiken

Allgemein
  • Dieses Quiz wurde 166 mal gespielt
  • Das Durchschnittsergebnis liegt bei 7 aus 11
Antwortstatistiken
Zuscherzahl Verein % Korrekt
75.000 FC Bayern München
90%
61.297 FC Schalke
70%
45.319 Hertha BSC
67%
56.278 VfB Stuttgart
63%
48.776 1.FC Köln
62%
49.159 Eintracht Frankfurt
62%
50.656 Hamburger SV
61%
50.986 Borussia Mönchengladbach
60%
40.823 SV Werder Bremen
45%
42.706 Hannover 96
42%
79.496 BV Borussia Dortmund
39%
Keine übereinstimmenden Quizze gefunden
Verteilung der Resultate
Anzahl Personen mit jedem Resultat
Perzentil nach korrekt beantworteten Fragen
Ihre Resultats-Entwicklung
Sie haben dieses Quiz noch nicht gespielt